KATSEYE Songs - Sudden Death - Statistics

General Stats
  • This quiz has been taken 239 times
  • The average score is 9 of 10
Answers on the Grid
Answers color-coded by a green-red scale on the quiz's grid according to % correct below.
Cliché
Debut
Don't Stop!
Gabriela
Gnarly
I'm Pretty
Internet Girl
M.I.A
Mean Girls
Mind-Reader
NO RULES
Now or Never
Obsession
PINKY UP
Tonight I Might
Touch
Try Me
UNSTOPPABLE
Wildfire
YOLO
 
Answer Stats
Answer % Correct
Gnarly
98%
Internet Girl
98%
Debut
97%
PINKY UP
97%
Gabriela
96%
M.I.A
96%
Touch
96%
Mean Girls
92%
I'm Pretty
85%
Tonight I Might
85%
No matching quizzes found
Score Distribution
Percent of People with Each Score
Percentile by Number Answered
Your Score History
You have not taken this quiz